| 000 | 00904nam a22002777a 4500 | ||
|---|---|---|---|
| 001 | 200461016 | ||
| 003 | TR-AnTOB | ||
| 005 | 20240612131349.0 | ||
| 008 | 240612b tu ||||| |||| 00| 0 tur d | ||
| 020 | _a9786053604679 | ||
| 040 |
_aTR-AnTOB _beng _erda _cTR-AnTOB |
||
| 041 |
_atur _beng |
||
| 092 |
_a398.245 _bJEN 2022 |
||
| 100 | _qPearce, Susie Jenkin. | ||
| 245 |
_aYaramaz penguenin maceraları / _cSusie Jenkin-Pearce ; resimleyen : Tina Macnaughton ; çeviren : Sevgi Atlıhan |
||
| 250 | _a19.bs. | ||
| 260 |
_aİstanbul : _bTürkiye İş Bankası Kültür ; _c2022. |
||
| 300 |
_a29 Pages. : _bill. ; _c30 cm. |
||
| 336 |
_atext _btxt _2rdacontent |
||
| 337 |
_aunmediated _bn _2rdamedia |
||
| 338 |
_avolume _bnc _2rdacarrier |
||
| 490 |
_aTürkiye İş Bankası Kültür yayınları ; _v2418 |
||
| 942 |
_2ddc _cBK |
||
| 999 |
_c200461016 _d79228 |
||